000 00616nam a2200193Ia 4500
001 20622
003 GE_BSU
008 181216s||||||||xx |||||||||||||| ||und||
040 _cGE_BSU
245 _aАгротехника и технологии. 2(60) Март-Апрель 2017
245 _cГл. ред. Мария Лушникова
260 _aМосква
260 _c2017
300 _a58 стр. 27 см. илл.
653 _aАгротехника и технологии. 2(60) Март-Апрель 2017
653 _aПериодика
653 _aპერიოდიკა
942 _cCR
999 _c53576
_d53576